00279nam a22001097a 4500020001800000082001100018100002500029245006300054250000800117260003500125300000900160 a9788132110385 a001.42 aDavid Silverman (ed) aQualitative research issues of theory, method and practice a3rd aIndiabSage publicationsc2011 a450p